<?xml version="1.0" encoding="UTF-8"?>
<record
    xmlns:xsi="http://www.w3.org/2001/XMLSchema-instance"
    xsi:schemaLocation="http://www.loc.gov/MARC21/slim http://www.loc.gov/standards/marcxml/schema/MARC21slim.xsd"
    xmlns="http://www.loc.gov/MARC21/slim">

  <leader>03026nam a22003377a 4500</leader>
  <controlfield tag="001">15 002997</controlfield>
  <controlfield tag="003">UNINSURGENTES</controlfield>
  <controlfield tag="005">20250616173627.0</controlfield>
  <controlfield tag="007">Programa ampliado de libros de texto.</controlfield>
  <controlfield tag="008">250616b        mx ||||| |||| 00| 0 spa d</controlfield>
  <datafield tag="020" ind1=" " ind2=" ">
    <subfield code="a">9275322279</subfield>
  </datafield>
  <datafield tag="040" ind1=" " ind2=" ">
    <subfield code="a">Universidad Insurgentes</subfield>
    <subfield code="b">spa</subfield>
    <subfield code="c">Biblioteca plantel Le&#xF3;n </subfield>
  </datafield>
  <datafield tag="082" ind1=" " ind2=" ">
    <subfield code="2">616.89</subfield>
    <subfield code="a">E136</subfield>
  </datafield>
  <datafield tag="100" ind1=" " ind2=" ">
    <subfield code="a">Desjarlais, Robert. Eisenberg, Leon. Good, Byron. Kleinman, Arthur. </subfield>
    <subfield code="d">Profesores en la C&#xE1;tedra de Antropolog&#xED;a de la Salud </subfield>
    <subfield code="q">Editores</subfield>
  </datafield>
  <datafield tag="110" ind1=" " ind2=" ">
    <subfield code="a">Organizaci&#xF3;n Panamericana de la Salud</subfield>
    <subfield code="e">OPS </subfield>
  </datafield>
  <datafield tag="245" ind1=" " ind2=" ">
    <subfield code="a">Salud Mental en el Mundo</subfield>
    <subfield code="b">Problemas y prioridades en poblaciones de bajos ingresos</subfield>
    <subfield code="c">Robert, Desjarlais, Leon Einsenberg, Byron Good, Arthur Kleinnman</subfield>
  </datafield>
  <datafield tag="250" ind1=" " ind2=" ">
    <subfield code="a">1a. ed, Washington, EUA, 1997</subfield>
  </datafield>
  <datafield tag="260" ind1=" " ind2=" ">
    <subfield code="a">Washington D.C. United States</subfield>
    <subfield code="b">Organizaci&#xF3;n Panamericana de la Salud</subfield>
    <subfield code="c">1997</subfield>
  </datafield>
  <datafield tag="300" ind1=" " ind2=" ">
    <subfield code="a">IX-590 p&#xE1;ginas</subfield>
    <subfield code="b">Tablas de informaci&#xF3;n </subfield>
    <subfield code="c">21.5 x 25 cm</subfield>
  </datafield>
  <datafield tag="500" ind1=" " ind2=" ">
    <subfield code="a">Este libro es una investigaci&#xF3;n realizada durante dos a&#xF1;os por los miembros titulares y asociados del Departamento de Medicina Social de la Facultad de Medicina de la Universidad de Harvard. </subfield>
  </datafield>
  <datafield tag="504" ind1=" " ind2=" ">
    <subfield code="a">Contiene una secci&#xF3;n de ap&#xE9;ndices sobre informes estad&#xED;sticos, lecturas adicionales  y un directorio de Organismos de la Salud Mental. </subfield>
  </datafield>
  <datafield tag="505" ind1=" " ind2=" ">
    <subfield code="a">1- Contexto global del bienestar. 2- Trastornos mentales y servicios psiqui&#xE1;tricos. 3- Suicidios. 4- Abuso de substancias. 5-Violencia. 6- Desplazamientos humanos. 7- Ni&#xF1;os y j&#xF3;venes. 8- Mujeres. 9- Ancianos. 10- Comportamiento y salud.  11- Conclusiones y agenda para la acci&#xF3;n. 12- Una agenda para la investigaci&#xF3;n. </subfield>
  </datafield>
  <datafield tag="520" ind1=" " ind2=" ">
    <subfield code="a">Representa un hito en la literatura medica, e torno a la declaraci&#xF3;n sobre la salud mental y de los problemas del comportamiento en el mundo. Los autores han utilizado aportes de otros investigadores de pa&#xED;ses diferentes, informaci&#xF3;n esencial de salud p&#xFA;blica as&#xED; como de otros campos, contenida en publicaciones cient&#xED;ficas y trabajos in&#xE9;ditos. </subfield>
  </datafield>
  <datafield tag="546" ind1=" " ind2=" ">
    <subfield code="a">Traducido al espa&#xF1;ol con permiso de Oxford University Press. 
Traducci&#xF3;n y adaptaci&#xF3;n al espa&#xF1;ol por los Dres. I.Levav y R. Gonz&#xE1;lez</subfield>
  </datafield>
  <datafield tag="600" ind1=" " ind2=" ">
    <subfield code="a">Robert Desjarlais, LeonEisenberg, Byron Good, Arthur Kleinman</subfield>
    <subfield code="d">Profesor Asistente del Dpto. de Antropolog&#xED;a. Profesor de la C&#xE1;tedra de Medicina Social, Profesor de Antropolog&#xED;a M&#xE9;dica y Prof. del Dpto. de Antropolog&#xED;a M&#xE9;dica.</subfield>
    <subfield code="q">Expertos en pol&#xED;ticas que contribuyeron al estudio con documentos de trabajo e informes sin&#xF3;pticos </subfield>
    <subfield code="t">Salud Mental en el Mundo </subfield>
    <subfield code="v">Problemas y prioridades en poblaciones de bajos ingresos</subfield>
    <subfield code="x">1. Salud mental. 2. Medicina y carencias. </subfield>
  </datafield>
  <datafield tag="650" ind1=" " ind2=" ">
    <subfield code="x">1. Salud mental, 2. Trastornos mentales, 3. Violencia, abuso de substancias 4. Bienestar social</subfield>
  </datafield>
  <datafield tag="651" ind1=" " ind2=" ">
    <subfield code="2">Washington D.C.</subfield>
    <subfield code="a">United States</subfield>
  </datafield>
  <datafield tag="700" ind1=" " ind2=" ">
    <subfield code="a">Desjarlais, R. Eisenberg, L. Good, B. Kleinman, A. </subfield>
  </datafield>
  <datafield tag="710" ind1=" " ind2=" ">
    <subfield code="a">Organizaci&#xF3;n Mundial de la Salud</subfield>
  </datafield>
  <datafield tag="942" ind1=" " ind2=" ">
    <subfield code="2">ddc</subfield>
    <subfield code="c">LB</subfield>
    <subfield code="e">1a. ed. EUA, 1997</subfield>
    <subfield code="h">616.89</subfield>
    <subfield code="i">E136</subfield>
    <subfield code="n">0</subfield>
  </datafield>
  <datafield tag="999" ind1=" " ind2=" ">
    <subfield code="c">291122</subfield>
    <subfield code="d">291122</subfield>
  </datafield>
</record>
